[Event "Junior Online 4NCL Division 3"]
[Site "online"]
[Date "2020.10.29"]
[Round "6.162"]
[White "Walia, Michael Kanishk"]
[Black "Eccleston, Bryony"]
[Result "1-0"]
[WhiteElo "1405"]
[BlackElo "1397"]
[PlyCount "61"]
[EventDate "2020.10.29"]
[WhiteTeam "May The Fork Be With You 3"]
[BlackTeam "Manchester Juniors B"]

1. e4 e6 2. d4 d5 3. e5 c5 4. c3 Nc6 5. Nf3 Bd7 6. Bd3 f6 7. exf6 Nxf6 8. O-O
cxd4 9. cxd4 Bd6 10. Bg5 O-O 11. Re1 h6 12. Bh4 Qb6 13. Ne5 Bxe5 14. dxe5 Qxb2
15. Nd2 Nxe5 16. Rb1 Qd4 17. Bc2 Qxh4 18. Rxe5 Ng4 19. Nf3 Qf6 20. Re1 b6 21.
h3 Nxf2 22. Kxf2 g5 23. Qd3 Rf7 24. Kg1 Raf8 25. Ne5 Qf2+ 26. Kh1 Rg7 27. Rf1
Qg3 28. Rxf8+ Kxf8 29. Rf1+ Qf4 30. Rxf4+ gxf4 31. Qf3 1-0

[Event "Junior Online 4NCL Division 3"]
[Site "online"]
[Date "2020.10.29"]
[Round "6.163"]
[White "Correa, Rebecca"]
[Black "Gill, Veer"]
[Result "1-0"]
[WhiteElo "1390"]
[BlackElo "1352"]
[PlyCount "99"]
[EventDate "2020.10.29"]
[WhiteTeam "Manchester Juniors B"]
[BlackTeam "May The Fork Be With You 3"]

1. d4 e6 2. Nf3 d5 3. Bf4 c5 4. c3 Nc6 5. e3 Qb6 6. Qb3 Qxb3 7. axb3 Nf6 8.
Nbd2 Be7 9. h3 O-O 10. Bd3 b6 11. O-O Bb7 12. Rfe1 Nh5 13. Bh2 h6 14. Ra2 f6
15. Rea1 g5 16. Bg6 Ng7 17. Bd3 f5 18. Ne5 Bd6 19. Nxc6 Bxh2+ 20. Kxh2 Bxc6 21.
Rxa7 Rac8 22. R7a6 b5 23. Nf3 c4 24. bxc4 bxc4 25. Bc2 Bb7 26. Ra7 Rb8 27. Ne5
Rfd8 28. Ba4 Ra8 29. Rxb7 Rdb8 30. Rxb8+ Rxb8 31. Ra2 Kh7 32. Nd7 Rd8 33. Nc5
Kg6 34. Kg3 Kh5 35. Bd1+ Kg6 36. Ra6 Re8 37. Ba4 Re7 38. Bd7 Kf7 39. h4 Nh5+
40. Kh3 g4+ 41. Kh2 Ng7 42. f3 h5 43. Kg3 Kf6 44. Kf4 Kf7 45. Ke5 g3 46. Bxe6+
Kf8 47. Kf6 Ne8+ 48. Kxf5 Ng7+ 49. Kg6 Ke8 50. Ra8# 1-0

[Event "Junior Online 4NCL Division 3"]
[Site "online"]
[Date "2020.10.29"]
[Round "6.164"]
[White "Barringer-Allen, William B"]
[Black "Fung, Marcus"]
[Result "0-1"]
[WhiteElo "1285"]
[BlackElo "1382"]
[PlyCount "162"]
[EventDate "2020.10.29"]
[WhiteTeam "May The Fork Be With You 3"]
[BlackTeam "Manchester Juniors B"]

1. d4 d5 2. Nc3 Bf5 3. Nf3 e6 4. Bg5 f6 5. Bf4 Bd6 6. Bxd6 Qxd6 7. e3 Ne7 8.
Bd3 Bg6 9. O-O c6 10. a3 Nd7 11. Qe2 e5 12. Rfe1 e4 13. Bxe4 dxe4 14. Qd2 exf3
15. gxf3 O-O-O 16. f4 Nf5 17. Ne4 Qe6 18. Ng3 Nxg3 19. fxg3 Qe4 20. Qg2 Qxc2
21. Qxc2 Bxc2 22. Re2 Bd3 23. Rd2 Be4 24. Rc1 Rhe8 25. Re2 Bd3 26. Rd2 Rxe3 27.
Kf2 Rde8 28. Rcd1 Re2+ 29. Rxe2 Bxe2 30. Re1 Bh5 31. g4 Rxe1 32. Kxe1 Bxg4 33.
Kf2 c5 34. Ke3 cxd4+ 35. Kxd4 Kc7 36. Kd5 g5 37. fxg5 fxg5 38. b4 h5 39. a4 a6
40. Kd4 Be2 41. Ke3 Bc4 42. Kd4 Be6 43. Ke3 g4 44. Kf4 Kd6 45. Kg3 Kd5 46. Kh4
Bf7 47. Kg3 Kc4 48. Kh4 Kxb4 49. Kg3 Kxa4 50. Kf4 b5 51. Ke3 b4 52. Kd2 Ka3 53.
Kc2 Ka2 54. Kd3 b3 55. Ke4 b2 56. Kd4 b1=Q 57. Kc3 Qb2+ 58. Kd3 Bg6+ 59. Ke3
Qc1+ 60. Kd4 Nc5 61. Kd5 Qd2+ 62. Kxc5 Qc2+ 63. Kd5 Be4+ 64. Kd4 Qd3+ 65. Ke5
Qd5+ 66. Kf4 Qf5+ 67. Ke3 Kb3 68. Kd4 Kb4 69. Ke3 Qf3+ 70. Kd4 Qd3+ 71. Ke5 Kc5
72. Kf4 Ba8 73. Ke5 Qe3+ 74. Kf5 Kd5 75. Kf6 h4 76. Kf5 Qf2+ 77. Kxg4 Ke4 78.
Kg5 Qf5+ 79. Kxh4 Qg6 80. Kh3 Kf4 81. Kh4 Qg4# 0-1

[Event "Junior Online 4NCL Division 3"]
[Site "online"]
[Date "2020.10.29"]
[Round "6.165"]
[White "Barbier-Ramaiah, Riya Aude"]
[Black "Jayawarna, Thisumi"]
[Result "0-1"]
[WhiteElo "1427"]
[BlackElo "1637"]
[PlyCount "130"]
[EventDate "2020.10.29"]
[WhiteTeam "May The Fork Be With You 3"]
[BlackTeam "Manchester Juniors B"]

1. e4 d5 2. exd5 Qxd5 3. Nc3 Qa5 4. Bc4 Nf6 5. Nf3 c6 6. d4 Bg4 7. h3 Bh5 8.
O-O e6 9. Bd2 Bb4 10. a3 Bxc3 11. Bxc3 Qc7 12. Re1 Nbd7 13. Qd3 O-O-O 14. Qe3
Kb8 15. Rad1 Nb6 16. Bb3 Nbd5 17. Bxd5 Nxd5 18. Qd3 Nf4 19. Qe4 Ng6 20. Bd2
Bxf3 21. Qxf3 Rxd4 22. Bb4 Rhd8 23. Rxd4 Rxd4 24. Rd1 Rxd1+ 25. Qxd1 c5 26. Bd2
Kc8 27. Qf3 Qd7 28. Bc3 f6 29. Qd3 Qxd3 30. cxd3 Nf4 31. Kf1 Nxd3 32. Ke2 Nf4+
33. Kf3 Nd5 34. Ke4 Nxc3+ 35. bxc3 Kd7 36. Kd3 b5 37. c4 bxc4+ 38. Kxc4 Kc6 39.
a4 a5 40. g4 g5 41. f3 h6 42. Kc3 Kd5 43. Kd3 c4+ 44. Kc3 e5 45. Kc2 Kd4 46.
Kd2 c3+ 47. Kc2 Kc4 48. Kc1 Kb3 49. Kb1 Kxa4 50. Kc2 Kb4 51. Kc1 Kb3 52. Kb1
c2+ 53. Kc1 a4 54. h4 gxh4 55. f4 exf4 56. g5 fxg5 57. Kd2 Kb2 58. Ke2 c1=Q 59.
Kf3 Qe3+ 60. Kg4 h3 61. Kh5 h2 62. Kxh6 h1=Q+ 63. Kxg5 Qe5+ 64. Kg4 Qg2+ 65.
Kh4 Qh8# 0-1

[Event "Junior Online 4NCL Division 3"]
[Site "online"]
[Date "2020.10.29"]
[Round "6.166"]
[White "Eccleston, Bryony"]
[Black "Walia, Michael Kanishk"]
[Result "0-1"]
[WhiteElo "1397"]
[BlackElo "1405"]
[PlyCount "72"]
[EventDate "2020.10.29"]
[WhiteTeam "Manchester Juniors B"]
[BlackTeam "May The Fork Be With You 3"]

1. d4 e6 2. Bf4 Nf6 3. e3 d6 4. Nf3 b6 5. Bd3 Bb7 6. O-O Be7 7. Nbd2 Nbd7 8.
Bg3 O-O 9. c3 Re8 10. Rc1 Bf8 11. Bb1 e5 12. dxe5 dxe5 13. Ng5 h6 14. Nge4 Nxe4
15. Nxe4 Nf6 16. Nxf6+ Qxf6 17. Qc2 g6 18. h4 Bg7 19. Rcd1 e4 20. Bxc7 Qxh4 21.
Bg3 Qg5 22. Rd7 Ba6 23. Qb3 Re6 24. Bxe4 Rf8 25. Rfd1 Rxe4 26. Rxa7 Bc4 27.
Qxb6 Re6 28. Qc7 Ra6 29. Rxa6 Bxa6 30. Rd7 Bb5 31. Rd8 Rxd8 32. Bd6 Rd7 33.
Qb8+ Kh7 34. g3 Bc6 35. Kf1 Qd5 36. Kg1 Qg2# 0-1

[Event "Junior Online 4NCL Division 3"]
[Site "online"]
[Date "2020.10.29"]
[Round "6.167"]
[White "Gill, Veer"]
[Black "Correa, Rebecca"]
[Result "1-0"]
[WhiteElo "1352"]
[BlackElo "1390"]
[PlyCount "67"]
[EventDate "2020.10.29"]
[WhiteTeam "May The Fork Be With You 3"]
[BlackTeam "Manchester Juniors B"]

1. e4 c5 2. c3 Nf6 3. f3 d6 4. d4 cxd4 5. cxd4 e6 6. Bg5 Be7 7. Nc3 O-O 8. Be2
Nc6 9. Nh3 Qb6 10. d5 exd5 11. exd5 Ne5 12. f4 Ned7 13. b3 Qa5 14. Qc2 Nxd5 15.
Bxe7 Nxe7 16. O-O Qc5+ 17. Nf2 Nf6 18. Rac1 Bf5 19. Bd3 Bxd3 20. Qxd3 Rac8 21.
Nce4 Qb6 22. Nxf6+ gxf6 23. Kh1 Kh8 24. Ne4 d5 25. Nc3 Rcd8 26. Na4 Qd6 27. Nc5
b6 28. Nb7 Qb4 29. Nxd8 Rxd8 30. Rc7 a5 31. Re1 Ng6 32. Qc3 Qxf4 33. Rxf7 Ne5
34. Qc7 1-0

[Event "Junior Online 4NCL Division 3"]
[Site "online"]
[Date "2020.10.29"]
[Round "6.168"]
[White "Fung, Marcus"]
[Black "Barringer-Allen, William B"]
[Result "1-0"]
[WhiteElo "1382"]
[BlackElo "1285"]
[PlyCount "43"]
[EventDate "2020.10.29"]
[WhiteTeam "Manchester Juniors B"]
[BlackTeam "May The Fork Be With You 3"]

1. d4 d5 2. Bf4 Nf6 3. e3 e6 4. Bd3 Nc6 5. c3 Bd6 6. Bg3 Bxg3 7. hxg3 O-O 8.
Qc2 g6 9. g4 Kg7 10. g5 Nh5 11. g4 Qxg5 12. gxh5 Qg2 13. Rh3 Qxg1+ 14. Kd2 Qg4
15. Rg3 Qxh5 16. Na3 a6 17. Rag1 e5 18. dxe5 Qxe5 19. Bxg6 hxg6 20. Rxg6+ fxg6
21. Qxg6+ Kh8 22. Qh6# 1-0

[Event "Junior Online 4NCL Division 3"]
[Site "online"]
[Date "2020.11.12"]
[Round "7.11"]
[White "Grahame, Silas"]
[Black "Tumurugoti, Vaed"]
[Result "0-1"]
[WhiteElo "1075"]
[BlackElo "880"]
[PlyCount "78"]
[EventDate "2020.11.12"]
[WhiteTeam "Harrow Juniors F"]
[BlackTeam "Friar Tucks"]

1. Nf3 Nc6 2. g3 e5 3. Bg2 f5 4. d3 e4 5. Bg5 Be7 6. Bxe7 Ngxe7 7. Ng5 Ne5 8.
g4 Nxg4 9. h3 Nxf2 10. Kxf2 c6 11. Qd2 Qb6+ 12. e3 f4 13. Re1 Nd5 14. Kf1 fxe3
15. Qe2 O-O+ 16. Kg1 d6 17. Qh5 e2+ 18. Kh2 h6 19. Qg6 Bf5 20. Qxd6 Rad8 21.
Qe5 hxg5 22. Rxe2 Rde8 23. Qd6 g4 24. h4 g3+ 25. Kxg3 Qg1 26. h5 Rf6 27. Qc7
Ree6 28. Qd8+ Rf8 29. Qg5 Rff6 30. dxe4 Rg6 31. hxg6 Rxg6 32. Rf2 Rxg5+ 33. Kh4
Rg4+ 34. Kh3 Bxe4 35. Bxe4 Rxe4 36. Rg2 Qe3+ 37. Kh2 Qh6+ 38. Kg1 Re1+ 39. Kf2
Qe3# 0-1

[Event "Junior Online 4NCL Division 3"]
[Site "online"]
[Date "2020.11.12"]
[Round "7.12"]
[White "Brown, William"]
[Black "Horwood, Alexander"]
[Result "1-0"]
[WhiteElo "790"]
[BlackElo "1000"]
[PlyCount "127"]
[EventDate "2020.11.12"]
[WhiteTeam "Friar Tucks"]
[BlackTeam "Harrow Juniors F"]

1. e4 e5 2. Nf3 Nc6 3. Nc3 Nf6 4. Bc4 Bb4 5. O-O Nxe4 6. Nxe4 d5 7. Bxd5 Qxd5
8. Nc3 Qd8 9. Re1 O-O 10. Nxe5 Nxe5 11. Rxe5 Re8 12. Re1 Rxe1+ 13. Qxe1 Bg4 14.
Qf1 Qd7 15. d3 Rd8 16. Bd2 Re8 17. h3 Bf5 18. Be3 Qa4 19. Nxa4 Bd7 20. Nc5 Bxc5
21. Bxc5 a6 22. Ba7 c6 23. Bb6 g6 24. g4 Re7 25. Re1 Be6 26. f4 f5 27. g5 Rg7
28. Rxe6 h6 29. gxh6 Rh7 30. Qg2 Rxh6 31. Qe4 fxe4 32. Rxe4 Rxh3 33. Re8+ Kf7
34. Rb8 Re3 35. Bxe3 g5 36. fxg5 Kg6 37. Rxb7 Kf5 38. Rb6 Kg6 39. Rxc6+ Kh5 40.
Rxa6 Kg4 41. Kf2 Kh5 42. d4 Kg4 43. d5 Kf5 44. d6 Ke6 45. Bf4 Kf7 46. d7 Ke7
47. Ra7 Kd8 48. g6 Ke7 49. g7 Ke6 50. d8=Q Kf5 51. g8=Q Kxf4 52. Ra4+ Kf5 53.
Qa5+ Kf6 54. Qga8 Kg6 55. Rb4 Kf6 56. Rb6+ Kg7 57. Q8a7+ Kg8 58. c4 Kf8 59. c5
Ke8 60. c6 Kd8 61. c7+ Kd7 62. Rb8 Ke6 63. c8=Q+ Kf6 64. Qc6# 1-0

[Event "Junior Online 4NCL Division 3"]
[Site "online"]
[Date "2020.11.12"]
[Round "7.14"]
[White "Tumurug, Vidwat"]
[Black "Parikh, Aadhya"]
[Result "1-0"]
[WhiteElo "760"]
[BlackElo "700"]
[PlyCount "113"]
[EventDate "2020.11.12"]
[WhiteTeam "Friar Tucks"]
[BlackTeam "Harrow Juniors F"]

1. d4 d5 2. Na3 Nc6 3. Bf4 Nf6 4. Nb5 e6 5. Nxc7+ Kd7 6. Nxa8 Bb4+ 7. c3 Bxc3+
8. bxc3 Ke8 9. Nc7+ Kf8 10. Nb5 a6 11. Bd6+ Kg8 12. Na3 Qxd6 13. g4 Nxg4 14.
Bg2 Qxa3 15. Nf3 Qxc3+ 16. Nd2 Qxd4 17. Rb1 g6 18. Qc2 Qf4 19. Nb3 Nd4 20. Nxd4
Qxd4 21. Qxc8+ Kg7 22. Qxb7 Qa4 23. Rb6 Qxa2 24. Qc7 Qa1+ 25. Kd2 Qc3+ 26. Kxc3
Nxf2 27. Rf1 Ne4+ 28. Bxe4 dxe4 29. Rb7 a5 30. Qxf7+ Kh6 31. h4 a4 32. h5 Kxh5
33. Rh1+ Kg4 34. Qg7 Re8 35. Qf7 Ra8 36. Qxe6+ Kg5 37. Rg1+ Kh6 38. Rh1+ Kg5
39. Qe5+ Kg4 40. Rg1+ Kh4 41. e3 Ra6 42. Qxe4+ Kh3 43. Qd3 Rc6+ 44. Kd4 Rd6+
45. Ke4 Rxd3 46. Kxd3 a3 47. e4 a2 48. e5 a1=Q 49. Rxa1 Kg3 50. e6 Kf3 51. e7
g5 52. e8=Q h5 53. Qe3+ Kg2 54. Qxg5+ Kf3 55. Qxh5+ Kf2 56. Ra2+ Kg1 57. Qd1#
1-0

[Event "Junior Online 4NCL Division 3"]
[Site "online"]
[Date "2020.11.12"]
[Round "7.15"]
[White "Tumurugoti, Vaed"]
[Black "Grahame, Silas"]
[Result "1-0"]
[WhiteElo "880"]
[BlackElo "1075"]
[PlyCount "47"]
[EventDate "2020.11.12"]
[WhiteTeam "Friar Tucks"]
[BlackTeam "Harrow Juniors F"]

1. e4 c5 2. Bc4 Nc6 3. Qh5 g6 4. Bxf7+ Kxf7 5. Qf3+ Ke8 6. h4 Nd4 7. Qc3 e5 8.
f4 exf4 9. d3 Qxh4+ 10. Rxh4 Be7 11. Rxf4 Nf6 12. b4 Ng4 13. Rxg4 Bf6 14. Qxc5
b6 15. Qc4 a6 16. e5 Bxe5 17. Bf4 b5 18. Qd5 Nxc2+ 19. Kf1 Bxa1 20. Qxa8 Rf8
21. Qxc8+ Ke7 22. Qxc2 Be5 23. Qc5+ d6 24. Qe3 1-0

[Event "Junior Online 4NCL Division 3"]
[Site "online"]
[Date "2020.11.12"]
[Round "7.16"]
[White "Horwood, Alexander"]
[Black "Brown, William"]
[Result "0-1"]
[WhiteElo "1000"]
[BlackElo "790"]
[PlyCount "58"]
[EventDate "2020.11.12"]
[WhiteTeam "Harrow Juniors F"]
[BlackTeam "Friar Tucks"]

1. e4 e5 2. Nf3 Nf6 3. Nc3 Nc6 4. Bb5 d6 5. d3 Be6 6. Bg5 a6 7. Bxc6+ bxc6 8.
O-O d5 9. exd5 Bxd5 10. Qd2 Rb8 11. Rfe1 Rxb2 12. Qc1 Rb4 13. Qa3 Rb6 14. Na4
c5 15. Nxb6 cxb6 16. Qxa6 Bd6 17. Qxb6 Qxb6 18. Rab1 Qa6 19. Rb8+ Ke7 20. Rxh8
Bxa2 21. Ra1 e4 22. dxe4 Qc4 23. e5 Bxe5 24. Re1 Ke6 25. Nxe5 Qxc2 26. Ng4+ Kf5
27. Re5+ Kxg4 28. Bxf6 Qc1+ 29. Re1 Qxe1# 0-1

[Event "Junior Online 4NCL Division 3"]
[Site "online"]
[Date "2020.11.12"]
[Round "7.18"]
[White "Parikh, Aadhya"]
[Black "Tumurug, Vidwat"]
[Result "0-1"]
[WhiteElo "700"]
[BlackElo "760"]
[PlyCount "54"]
[EventDate "2020.11.12"]
[WhiteTeam "Harrow Juniors F"]
[BlackTeam "Friar Tucks"]

1. e4 e5 2. Nf3 Nh6 3. Nc3 Bc5 4. Bc4 Ng4 5. d3 Bxf2+ 6. Kf1 Bc5 7. Bg5 f6 8.
Qe2 Bf2 9. Qd2 Be3 10. Qe2 Rg8 11. Rg1 Bxg1 12. Kxg1 Rh8 13. Bg8 Rxg8 14. Qe3
Nxe3 15. Nh4 fxg5 16. Nf5 Rf8 17. Nxg7+ Kf7 18. Nf5 d5 19. Nd4 exd4 20. exd5
Rg8 21. Nb5 g4 22. Nxd4 g3 23. Nf5 Bxf5 24. hxg3 Bh3 25. gxh3 Qg5 26. b3 Qxg3+
27. Kh1 Qg2# 0-1

[Event "Junior Online 4NCL Division 3"]
[Site "online"]
[Date "2020.11.12"]
[Round "7.21"]
[White "Baguley, Rory"]
[Black "Vijayakumar, Rishi"]
[Result "0-1"]
[WhiteElo "1187"]
[BlackElo "1002"]
[PlyCount "62"]
[EventDate "2020.11.12"]
[WhiteTeam "Surbiton Juniors C"]
[BlackTeam "Dundee City"]

1. e4 c5 2. Bc4 e6 3. Nc3 Ne7 4. Nf3 Nbc6 5. O-O a6 6. d3 g6 7. Bg5 Bg7 8. Qe2
O-O 9. Be3 b6 10. a3 d5 11. exd5 Nxd5 12. Nxd5 exd5 13. Ba2 Re8 14. c3 d4 15.
Bg5 Rxe2 16. Bxd8 Nxd8 17. Rab1 dxc3 18. Bb3 cxb2 19. Bd5 Bb7 20. Bc4 b5 21.
Bb3 Bxf3 22. gxf3 Nc6 23. Bd1 Rd2 24. Bb3 Nd4 25. Bd5 Rd8 26. Be4 f5 27. Bb7
Rd7 28. Bxa6 Nxf3+ 29. Kg2 Nh4+ 30. Kg3 R7xd3+ 31. Kxh4 Bf6# 0-1

[Event "Junior Online 4NCL Division 3"]
[Site "online"]
[Date "2020.11.12"]
[Round "7.22"]
[White "Barron-Majerik, Alexander"]
[Black "Holben, Joseph"]
[Result "0-1"]
[WhiteElo "221"]
[BlackElo "1225"]
[PlyCount "120"]
[EventDate "2020.11.12"]
[WhiteTeam "Dundee City"]
[BlackTeam "Surbiton Juniors C"]

1. e4 e5 2. Nf3 Nc6 3. Bc4 Bc5 4. d3 h6 5. O-O d6 6. h3 Nf6 7. Nc3 b6 8. Be3
Bxe3 9. fxe3 Na5 10. Bb3 Nxb3 11. axb3 Be6 12. Ra3 O-O 13. d4 exd4 14. exd4 d5
15. exd5 Nxd5 16. Nxd5 Qxd5 17. Qd3 Bf5 18. Qc3 c6 19. Ne5 Be6 20. Nxc6 Rac8
21. Qf3 Rxc6 22. Qxd5 Bxd5 23. Rxa7 Re8 24. c4 Be4 25. Rfxf7 Rg6 26. Rf2 Bd3
27. Kh2 Re3 28. g4 Re4 29. Kg3 h5 30. Rf4 Re3+ 31. Rf3 Rxf3+ 32. Kxf3 Rf6+ 33.
Kg3 Rf1 34. gxh5 Rg1+ 35. Kf4 Kh7 36. Ra5 bxa5 37. c5 Rc1 38. Ke5 Bb5 39. Kd6
Rb1 40. d5 Rxb2 41. c6 Bxc6 42. dxc6 Rxb3 43. c7 Rc3 44. Kd7 a4 45. c8=Q Rxc8
46. Kxc8 a3 47. Kb7 a2 48. Kc6 a1=Q 49. Kd6 Qd1+ 50. Ke6 Qxh5 51. h4 Qxh4 52.
Kf7 Qf4+ 53. Ke6 g5 54. Ke7 g4 55. Kd8 g3 56. Kc8 g2 57. Kb7 g1=Q 58. Kc6 Qg6+
59. Kd7 Qff7+ 60. Kc8 Qgg8# 0-1

[Event "Junior Online 4NCL Division 3"]
[Site "online"]
[Date "2020.11.12"]
[Round "7.23"]
[White "Thompson, Noah"]
[Black "Dickson, Josh"]
[Result "1-0"]
[WhiteElo "1225"]
[BlackElo "200"]
[PlyCount "87"]
[EventDate "2020.11.12"]
[WhiteTeam "Surbiton Juniors C"]
[BlackTeam "Dundee City"]

1. e4 e5 2. Nf3 f6 3. Be2 Bc5 4. Nc3 Nc6 5. b3 Nh6 6. Bb2 Ng4 7. Rf1 O-O 8. h3
Nh6 9. Qc1 Nb4 10. Ba3 d5 11. Nxd5 Nxd5 12. Bxc5 Nf4 13. Bxf8 Qxf8 14. d3 Nxg2+
15. Kd1 Bxh3 16. Rg1 Nf4 17. d4 Bg4 18. Bc4+ Kh8 19. Be2 Nxe2 20. Kxe2 exd4 21.
Qf4 Qe7 22. Rxg4 Nxg4 23. Qxg4 Re8 24. Re1 g6 25. Kf1 f5 26. Qg5 fxe4 27. Qxe7
Rxe7 28. Nxd4 c5 29. Nb5 a6 30. Nc3 h5 31. Rxe4 Rh7 32. Re8+ Kg7 33. Re7+ Kh8
34. Rxh7+ Kxh7 35. Nd5 h4 36. Kg2 Kh6 37. c3 Kh5 38. Kh3 g5 39. f3 b5 40. Nb6
a5 41. a4 c4 42. bxc4 bxc4 43. Nxc4 Kg6 44. Nxa5 1-0

[Event "Junior Online 4NCL Division 3"]
[Site "online"]
[Date "2020.11.12"]
[Round "7.24"]
[White "Dickson, Noah"]
[Black "de Villiers, Alex"]
[Result "0-1"]
[WhiteElo "200"]
[BlackElo "1225"]
[PlyCount "86"]
[EventDate "2020.11.12"]
[WhiteTeam "Dundee City"]
[BlackTeam "Surbiton Juniors C"]

1. e4 e5 2. Nf3 Nc6 3. d4 exd4 4. Nxd4 Nxd4 5. Qxd4 Nf6 6. Nc3 Bd6 7. Bc4 O-O
8. e5 Re8 9. Bg5 Bxe5 10. Qd3 Qe7 11. O-O Qd6 12. Nd5 Bxh2+ 13. Kh1 Nxd5 14.
Bxd5 c6 15. Bxf7+ Kxf7 16. Qxd6 Bxd6 17. Rfd1 Be7 18. Re1 Bxg5 19. Rxe8 Kxe8
20. Re1+ Kf7 21. g3 d6 22. f4 Bf6 23. f5 Bxb2 24. Rb1 Be5 25. g4 Kf6 26. Kg2
Kg5 27. Kh3 h5 28. Rg1 hxg4+ 29. Rxg4+ Kh6 30. Rg6+ Kh7 31. Kh4 Bxf5 32. Rg2
Bf6+ 33. Kg3 Be5+ 34. Kh4 Bf6+ 35. Kg3 g5 36. Rh2+ Kg6 37. c4 Be5+ 38. Kg2 Bxh2
39. Kxh2 Kh5 40. Kg3 Re8 41. Kf3 g4+ 42. Kg3 Re3+ 43. Kf4 Rf3# 0-1

[Event "Junior Online 4NCL Division 3"]
[Site "online"]
[Date "2020.11.12"]
[Round "7.25"]
[White "Vijayakumar, Rishi"]
[Black "Baguley, Rory"]
[Result "1-0"]
[WhiteElo "1002"]
[BlackElo "1187"]
[PlyCount "49"]
[EventDate "2020.11.12"]
[WhiteTeam "Dundee City"]
[BlackTeam "Surbiton Juniors C"]

1. d4 d5 2. c4 e6 3. Nc3 Nf6 4. Bg5 Nc6 5. cxd5 exd5 6. Bxf6 gxf6 7. Nf3 Bh6 8.
e3 Be6 9. Bb5 Qd6 10. Qa4 O-O-O 11. Bxc6 Qxc6 12. Qxc6 bxc6 13. Rc1 Kd7 14. Ke2
Rhg8 15. e4 Rxg2 16. Rcg1 Rgg8 17. e5 Rgf8 18. exf6 Rfe8 19. Ne5+ Kd6 20. Na4
Rb8 21. b3 Rb4 22. Kd3 Bf5+ 23. Kc3 Rbb8 24. Nc5 Rb5 25. Nxf7# 1-0

[Event "Junior Online 4NCL Division 3"]
[Site "online"]
[Date "2020.11.12"]
[Round "7.26"]
[White "Holben, Joseph"]
[Black "Barron-Majerik, Alexander"]
[Result "1-0"]
[WhiteElo "1225"]
[BlackElo "221"]
[PlyCount "69"]
[EventDate "2020.11.12"]
[WhiteTeam "Surbiton Juniors C"]
[BlackTeam "Dundee City"]

1. e4 e5 2. Nf3 Nc6 3. Bc4 Bc5 4. d3 h6 5. c3 Nf6 6. O-O O-O 7. b4 Bb6 8. Ba3
Ng4 9. b5 Bxf2+ 10. Rxf2 Nxf2 11. Kxf2 Na5 12. Bxf8 Nxc4 13. dxc4 Qxf8 14. Nxe5
Qc5+ 15. Qd4 Qa3 16. Nxa3 d6 17. Nf3 Bg4 18. Re1 c5 19. Qxd6 b6 20. Qf4 Bd7 21.
Ne5 Rf8 22. Nxd7 Rd8 23. Ne5 Rf8 24. Nc2 a5 25. Ne3 a4 26. Nd5 h5 27. Nxb6 a3
28. Nbd7 Re8 29. Qxf7+ Kh8 30. Qxe8+ Kh7 31. Qxh5+ Kg8 32. b6 g5 33. Qxg5+ Kh7
34. Nf6+ Kh8 35. Qg8# 1-0

[Event "Junior Online 4NCL Division 3"]
[Site "online"]
[Date "2020.11.12"]
[Round "7.27"]
[White "Dickson, Josh"]
[Black "Thompson, Noah"]
[Result "0-1"]
[WhiteElo "200"]
[BlackElo "1225"]
[PlyCount "100"]
[EventDate "2020.11.12"]
[WhiteTeam "Dundee City"]
[BlackTeam "Surbiton Juniors C"]

1. e4 d6 2. d4 Nc6 3. d5 Ne5 4. f4 Ng6 5. Bb5+ c6 6. dxc6 bxc6 7. Bxc6+ Bd7 8.
Bxa8 Qxa8 9. Nc3 e5 10. f5 N6e7 11. g4 d5 12. exd5 g6 13. Qf3 Bg7 14. f6 Bxf6
15. g5 Bg7 16. Be3 Qb7 17. O-O-O f6 18. gxf6 Bxf6 19. d6 Bc6 20. Qe2 Bxh1 21.
dxe7 Bc6 22. Qd2 Bxe7 23. Bg5 Nf6 24. Bxf6 Bxf6 25. Rf1 Ke7 26. Rd1 Kf7 27. Rf1
h6 28. Qf2 Qe7 29. Qc5 Qxc5 30. Re1 Bg5+ 31. Kb1 Kg7 32. Nh3 Rb8 33. Nxg5 Qb6
34. b3 hxg5 35. Rxe5 Qg1+ 36. Kb2 g4 37. Re7+ Kf6 38. Rxa7 Qxa7 39. a4 Qh7 40.
Ka3 Qxh2 41. b4 Qh1 42. b5 Bf3 43. Kb4 g3 44. a5 g2 45. a6 g1=Q 46. a7 Qg4+ 47.
Ka5 Ra8 48. b6 Qhh5+ 49. Ka6 Qc4+ 50. Nb5 Qhxb5# 0-1

[Event "Junior Online 4NCL Division 3"]
[Site "online"]
[Date "2020.11.12"]
[Round "7.28"]
[White "de Villiers, Alex"]
[Black "Dickson, Noah"]
[Result "1-0"]
[WhiteElo "1225"]
[BlackElo "200"]
[PlyCount "48"]
[EventDate "2020.11.12"]
[WhiteTeam "Surbiton Juniors C"]
[BlackTeam "Dundee City"]

1. e4 e5 2. Nf3 Nc6 3. Nc3 Bc5 4. Bc4 Nf6 5. O-O O-O 6. d3 d6 7. h3 Be6 8. Bb3
Bd4 9. Bg5 h6 10. Bh4 b6 11. Nd5 Bxd5 12. Bxd5 Bxb2 13. Rb1 Bd4 14. Bxc6 Rb8
15. Nxd4 exd4 16. Rb4 a5 17. Rxd4 g5 18. Bg3 Nh5 19. Qxh5 Kg7 20. Be5+ Kh7 21.
Qg4 b5 22. Qf5+ Kg8 23. f4 gxf4 24. Qxf4 Qh4 1-0

[Event "Junior Online 4NCL Division 3"]
[Site "online"]
[Date "2020.11.12"]
[Round "7.31"]
[White "Jessop, Osian"]
[Black "Masood, Rameen"]
[Result "1-0"]
[WhiteElo "1442"]
[BlackElo "1097"]
[PlyCount "101"]
[EventDate "2020.11.12"]
[WhiteTeam "Border Bandits 2"]
[BlackTeam "Leicestershire Juniors 3"]

1. e4 e5 2. Nf3 Nf6 3. Nc3 Nc6 4. Bc4 Bc5 5. d3 Ng4 6. Be3 Bxe3 7. fxe3 Nxe3 8.
Qe2 Nxc4 9. dxc4 O-O 10. O-O-O d6 11. Rdg1 Bd7 12. g4 Nb4 13. a3 Na6 14. h4 c6
15. h5 Qf6 16. g5 Qf4+ 17. Kb1 b5 18. h6 bxc4 19. hxg7 Kxg7 20. Rg2 Bg4 21.
Rxg4 Qxg4 22. Qh2 Rh8 23. Qh6+ Kg8 24. Nh4 d5 25. Nf5 Qxf5 26. exf5 Nc5 27. b4
Rb8 28. g6 d4 29. gxf7+ Kxf7 30. Rg1 Rhg8 31. Qxh7+ Kf6 32. Rxg8 Rxg8 33. Qxg8
Kxf5 34. Qf8+ Ke6 35. Qxc5 dxc3 36. Qxc6+ Kf5 37. Qe8 e4 38. Kc1 Kf4 39. Kd1 e3
40. Ke2 Kg5 41. Qf8 Kg6 42. Kxe3 Kg5 43. Ke4 Kg6 44. Ke5 Kh5 45. Qg8 Kh4 46.
Kf5 Kh3 47. Kf4 Kh2 48. Kf3 Kh3 49. Qg4+ Kh2 50. Qg3+ Kh1 51. Qg2# 1-0

[Event "Junior Online 4NCL Division 3"]
[Site "online"]
[Date "2020.11.12"]
[Round "7.32"]
[White "Rahimifard, Cyrus"]
[Black "Watkins, Gabby"]
[Result "0-1"]
[WhiteElo "1127"]
[BlackElo "1087"]
[PlyCount "154"]
[EventDate "2020.11.12"]
[WhiteTeam "Leicestershire Juniors 3"]
[BlackTeam "Border Bandits 2"]

1. e4 c6 2. Nf3 d5 3. e5 Bf5 4. Bd3 Bxd3 5. cxd3 e6 6. d4 Ne7 7. Nc3 Ng6 8. d3
Bb4 9. a3 Be7 10. O-O Nd7 11. h3 O-O 12. Re1 Rc8 13. Be3 c5 14. Qd2 Qb6 15.
dxc5 Nxc5 16. Bxc5 Bxc5 17. d4 Be7 18. b3 Qxb3 19. Rab1 Qxc3 20. Rec1 Qxd2 21.
Nxd2 Rxc1+ 22. Rxc1 Bxa3 23. Rc7 Rb8 24. Nb3 h6 25. Na5 Bb2 26. Rxb7 Rxb7 27.
Nxb7 Bxd4 28. g3 Bxe5 29. g4 Ne7 30. Nc5 g6 31. Nd7 Bf4 32. Nf6+ Kg7 33. Ne8+
Kf8 34. Nf6 Be5 35. Nd7+ Ke8 36. Nxe5 h5 37. g5 a6 38. Nd3 Kd7 39. Nb4 a5 40.
Na2 Kc6 41. Nc3 Kb6 42. f4 Kc5 43. Kg2 Kc4 44. Na4 Kb4 45. Nb2 a4 46. Kf3 a3
47. Nd3+ Kb3 48. Nc1+ Kb2 49. Nd3+ Kc2 50. Nb4+ Kb3 51. Nd3 a2 52. Nc1+ Kb2 53.
Nd3+ Kb3 54. Nc1+ Ka3 55. Nxa2 Kxa2 56. h4 Kb3 57. Ke3 Kc4 58. Kf3 d4 59. Kg3
d3 60. Kf2 Kc3 61. Ke1 Kc2 62. Kf1 d2 63. Ke2 d1=Q+ 64. Ke3 Qe1+ 65. Kf3 Qc3+
66. Ke4 Qc4+ 67. Kf3 e5 68. fxe5 Kd3 69. Kg3 Ke4 70. e6 Kf5 71. exf7 Qxf7 72.
Kf3 Qc4 73. Kg3 Qc3+ 74. Kh2 Kg4 75. Kg2 Qc2+ 76. Kh1 Kg3 77. Kg1 Qc1# 0-1

[Event "Junior Online 4NCL Division 3"]
[Site "online"]
[Date "2020.11.12"]
[Round "7.33"]
[White "Haddow, Dylan"]
[Black "Abraham, Leo"]
[Result "0-1"]
[WhiteElo "846"]
[BlackElo "1015"]
[PlyCount "46"]
[EventDate "2020.11.12"]
[WhiteTeam "Border Bandits 2"]
[BlackTeam "Leicestershire Juniors 3"]

1. e4 e5 2. Nf3 Nc6 3. Nc3 Bc5 4. Bc4 Nf6 5. h3 d6 6. O-O Be6 7. d3 Nd4 8. Nxd4
Bxd4 9. Nb5 c6 10. Nxd4 Bxc4 11. Nf5 Kd7 12. Bg5 Be6 13. Nxg7 Rg8 14. Bxf6 Qxf6
15. Nh5 Qh6 16. Qf3 Rg5 17. Qxf7+ Bxf7 18. Ng3 Be6 19. f4 exf4 20. Rxf4 Rxg3
21. Kh2 Rag8 22. Raf1 Rxg2+ 23. Kh1 Qxh3# 0-1